000 00683nam a2200253Ia 4500
003 OSt
005 20220918163802.0
006 a|||||r|||| 00| 0
007 ta
008 220917b |||||||| |||| 00| 0 eng d
020 _a029909300X
024 _a30,998
037 _cTextual
040 _aARTS
_cARTS
_beng
041 _2eng
_aeng
082 _aO111,3M76x, M3
100 _aWatson Charles N
_915367
245 0 _aNovels of Jack London
_b Reappraisal
260 _aLondon
_bUniv Of Wisconsin UK
_c1983
300 _axv,304p.
_ccm.
650 _aENGLISH LITERATURE
942 _hO111,3M76x, M3
_cTEXL
_2CC
999 _c121525
_d121525